000 00296 a2200121 4500
005 20250607094506.0
082 _aREF 320.03 VOL
245 _aA Dictionary of Political Economy.
260 _aMoscow,
_bProgress,
_c1985.
300 _a397p.: ill.;
_c20cm
700 _aVOLKOV, M. I.
942 _2ddc
_cBKS
999 _c3401
_d3401